Central Library OPAC University of Rajshahi

পঁচিশ বছরের শিক্ষাব্যবস্থার দর্পণ : স ম্পাদকীয় শিক্ষাবার্তা (১৯৮৭-২০১২) / (Record no. 74138)

MARC details
000 -LEADER
fixed length control field 00982nam a2200229 a 4500
001 - CONTROL NUMBER
control field 74138
003 - CONTROL NUMBER IDENTIFIER
rucl marc code BD-RjUL
005 - DATE AND TIME OF LATEST TRANSACTION
control field 20211209082512.0
008 - FIXED-LENGTH DATA ELEMENTS--GENERAL INFORMATION
fixed length control field 180307s2016 bg a|||| |||| 000 0 ben d
020 ## - INTERNATIONAL STANDARD BOOK NUMBER
International Standard Book Number 9847290296
Terms of availability Tk. 250.00
035 ## - SYSTEM CONTROL NUMBER
System control number (BD-RjUL)74356
040 ## - CATALOGING SOURCE
Original cataloging agency BD-RjUL
Language of cataloging eng
Transcribing agency BD-RjUL
041 ## - LANGUAGE CODE
Language code of text/sound track or separate title ben
082 ## - DEWEY DECIMAL CLASSIFICATION NUMBER
Edition number 23
Classification number 370.95492
Author mark and year PAC 2016
245 ## - TITLE STATEMENT
Title পঁচিশ বছরের শিক্ষাব্যবস্থার দর্পণ : স ম্পাদকীয় শিক্ষাবার্তা (১৯৮৭-২০১২) /
Statement of responsibility, etc. সম্পাদক ; এ এন রাশেদা
260 ## - PUBLICATION, DISTRIBUTION, ETC. (IMPRINT)
Place of publication, distribution, etc. ঢাকা :
Name of publisher, distributor, etc. শিক্ষাবার্তা প্রকাশনা ,
Date of publication, distribution, etc. ২০১৬
300 ## - PHYSICAL DESCRIPTION
Pagination খন্ড ;
Illustrations ছবি :
Size 22 সেমি.
505 ## - FORMATTED CONTENTS NOTE
Formatted contents note খন্ড. ১ --
650 ## - SUBJECT ADDED ENTRY--TOPICAL TERM
Topical term or geographic name as entry element শিক্ষাব্যবস্থা
Geographic subdivision বাংলাদেশ
9 (RLIN) 220417
Topical term or geographic name as entry element Education
Geographic subdivision Bangladesh
9 (RLIN) 220418
942 ## - ADDED ENTRY ELEMENTS (KOHA)
Source of classification or shelving scheme Dewey Decimal Classification
Koha item type Books
Holdings
Lost status Source of classification or shelving scheme Damaged status Not for loan Collection code Permanent Location Current Location Shelving location Date acquired Source of acquisition Cost, normal purchase price Total Checkouts Full call number Date last seen Copy number Koha item type Date checked out
  Dewey Decimal Classification   Not For Loan Non-fiction Central Library, University of Rajshahi Central Library, University of Rajshahi Reading Room 15/03/2017 Rajshahi Vidyasagar 250.00   B 370.95492 PAC 2016 07/03/2018 C-1 Books  
  Dewey Decimal Classification     Non-fiction Central Library, University of Rajshahi Central Library, University of Rajshahi   15/03/2017 Rajshahi Vidyasagar 250.00 1 B 370.95492 PAC 2016 01/12/2018 C-2 Books 14/11/2018
  Dewey Decimal Classification     Non-fiction Central Library, University of Rajshahi Central Library, University of Rajshahi   15/03/2017 Rajshahi Vidyasagar 250.00   B 370.95492 PAC 2016 07/03/2018 C-3 Books